[Event "RUS-ch Rapid 2021"]
[Site "Sochi"]
[Date "2021.10.13"]
[Round "11.19"]
[White "Klukin, Kirill"]
[Black "Khegay, Dmitriy"]
[Result "1/2-1/2"]
[WhiteElo "2346"]
[BlackElo "2521"]
[Annotator "ChessBase"]
[PlyCount "80"]
[EventDate "2021.10.12"]
[EventType "swiss"]
[EventCountry "RUS"]
[SourceTitle "playchess.com"]
[Source "ChessBase"]
[SourceQuality "1"]
[TimeControl "900+10"]

1. d4 {[%emt 0:00:00]} d6 {[%emt 0:00:04]} 2. Nf3 {[%emt 0:00:11]} Nf6 {
[%emt 0:00:01]} 3. e3 {[%emt 0:00:16]} g6 {[%emt 0:00:10]} 4. Be2 {[%emt 0:00:
00]} Bg7 {[%emt 0:00:04]} 5. O-O {[%emt 0:00:00]} O-O {[%emt 0:00:00]} 6. c4 {
[%emt 0:00:02]} c5 {[%emt 0:00:54]} 7. b3 {[%emt 0:00:46]} cxd4 {[%emt 0:00:12]
} 8. Nxd4 {[%emt 0:00:00]} Nc6 {[%emt 0:00:00]} 9. Bb2 {[%emt 0:00:01]} Bd7 {
[%emt 0:00:00]} 10. Nc3 {[%emt 0:00:43]} a6 {[%emt 0:00:00]} 11. Rc1 {[%emt 0:
00:17]} Rb8 {[%emt 0:00:06]} 12. Nd5 {[%emt 0:03:31]} e6 {[%emt 0:01:57]} 13.
Nxf6+ {[%emt 0:00:29]} Bxf6 {[%emt 0:00:00]} 14. Qd2 {[%emt 0:00:26]} Nxd4 {
[%emt 0:00:47]} 15. Bxd4 {[%emt 0:00:22]} Bc6 {[%emt 0:00:04]} 16. Rfd1 {
[%emt 0:00:23]} Bxd4 {[%emt 0:00:26]} 17. exd4 {[%emt 0:01:02]} Rc8 {[%emt 0:
00:50]} 18. Rc3 {[%emt 0:00:34]} Qf6 {[%emt 0:00:09]} 19. Bf3 {[%emt 0:01:24]}
Rfd8 {[%emt 0:00:29]} 20. Bxc6 {[%emt 0:00:16]} bxc6 {[%emt 0:01:38]} 21. Rf3 {
[%emt 0:00:13]} Qg7 {[%emt 0:00:01]} 22. Qa5 {[%emt 0:00:38]} Ra8 {[%emt 0:00:
38]} 23. Qc7 {[%emt 0:00:30]} Rac8 {[%emt 0:00:19]} 24. Qa5 {[%emt 0:00:20]} d5
{[%emt 0:03:27]} 25. c5 {[%emt 0:00:50]} e5 {[%emt 0:00:55]} 26. dxe5 {[%emt 0:
00:24]} Qxe5 {[%emt 0:00:05]} 27. Qxa6 {[%emt 0:00:29]} d4 {[%emt 0:00:16]} 28.
Qc4 {[%emt 0:00:42]} Rd5 {[%emt 0:00:17]} 29. h3 {[%emt 0:00:11]} Rcd8 {
[%emt 0:00:14]} 30. a4 {[%emt 0:00:27]} h5 {[%emt 0:01:15]} 31. b4 {[%emt 0:00:
30]} R8d7 {[%emt 0:00:11]} 32. a5 {[%emt 0:00:21]} h4 {[%emt 0:00:31]} 33. a6 {
[%emt 0:00:54]} d3 {[%emt 0:00:00]} 34. Re3 {[%emt 0:01:49]} Qb2 {[%emt 0:02:
01]} 35. Re8+ {[%emt 0:00:44]} Kg7 {[%emt 0:00:01]} 36. Qxh4 {[%emt 0:00:04]}
Rh5 {[%emt 0:00:06]} 37. Qg4 {[%emt 0:00:29]} Rf5 {[%emt 0:00:20]} 38. Qh4 {
[%emt 0:00:03]} Rh5 {[%emt 0:00:07]} 39. Qg4 {[%emt 0:00:36]} Rf5 {[%emt 0:00:
06]} 40. Qh4 {[%emt 0:00:37]} Rh5 {[%emt 0:00:02]} 1/2-1/2

[Event "RUS-ch Rapid 2021"]
[Site "Sochi"]
[Date "2021.10.13"]
[Round "11.20"]
[White "Nesterov, Arseniy"]
[Black "Zakaryan, David"]
[Result "1/2-1/2"]
[WhiteElo "2514"]
[BlackElo "2283"]
[Annotator "ChessBase"]
[PlyCount "93"]
[EventDate "2021.10.12"]
[EventType "swiss"]
[EventCountry "RUS"]
[SourceTitle "playchess.com"]
[Source "ChessBase"]
[SourceQuality "1"]
[TimeControl "900+10"]

1. d4 {[%emt 0:00:00]} d5 {[%emt 0:00:33]} 2. c4 {[%emt 0:00:19]} e6 {[%emt 0:
00:00]} 3. Nc3 {[%emt 0:00:03]} c6 {[%emt 0:00:00]} 4. Nf3 {[%emt 0:00:35]} Nf6
{[%emt 0:00:55]} 5. e3 {[%emt 0:00:14]} Nbd7 {[%emt 0:00:00]} 6. Bd3 {[%emt 0:
00:00]} dxc4 {[%emt 0:00:00]} 7. Bxc4 {[%emt 0:00:00]} b5 {[%emt 0:00:00]} 8.
Bd3 {[%emt 0:00:00]} a6 {[%emt 0:01:27]} 9. O-O {[%emt 0:00:03]} c5 {[%emt 0:
00:00]} 10. b3 {[%emt 0:00:00]} Bb7 {[%emt 0:00:00]} 11. Bb2 {[%emt 0:00:00]}
Rc8 {[%emt 0:00:00]} 12. a4 {[%emt 0:00:00]} c4 {[%emt 0:00:00]} 13. bxc4 {
[%emt 0:01:06]} bxc4 {[%emt 0:00:00]} 14. Bc2 {[%emt 0:00:07]} Bb4 {[%emt 0:00:
00]} 15. Rb1 {[%emt 0:00:33]} O-O {[%emt 0:00:00]} 16. Ba1 {[%emt 0:00:03]} a5
{[%emt 0:01:04]} 17. Na2 {[%emt 0:00:36]} Qe7 {[%emt 0:00:15]} 18. Qe2 {
[%emt 0:01:31]} Nd5 {[%emt 0:00:32]} 19. e4 {[%emt 0:00:16]} Nf4 {[%emt 0:00:
24]} 20. Qe3 {[%emt 0:00:00]} Nd3 {[%emt 0:03:08]} 21. Bxd3 {[%emt 0:00:03]}
cxd3 {[%emt 0:00:00]} 22. Nxb4 {[%emt 0:00:00]} axb4 {[%emt 0:00:00]} 23. Qxd3
{[%emt 0:00:00]} Rfd8 {[%emt 0:00:00]} 24. d5 {[%emt 0:03:28]} exd5 {[%emt 0:
00:00]} 25. Qd4 {[%emt 0:00:00]} f6 {[%emt 0:00:00]} 26. Rxb4 {[%emt 0:01:13]}
Nc5 {[%emt 0:00:00]} 27. e5 {[%emt 0:00:22]} f5 {[%emt 0:00:00]} 28. Rb6 {
[%emt 0:00:37]} Ne6 {[%emt 0:00:00]} 29. Qh4 {[%emt 0:00:19]} g5 {[%emt 0:00:
00]} 30. Qh6 {[%emt 0:00:23]} Rc6 {[%emt 0:00:00]} 31. Rxc6 {[%emt 0:00:37]}
Bxc6 {[%emt 0:00:00]} 32. Nxg5 {[%emt 0:00:00]} Nxg5 {[%emt 0:00:00]} 33. Qxc6
{[%emt 0:00:00]} Ne6 {[%emt 0:00:00]} 34. Rd1 {[%emt 0:00:00]} d4 {[%emt 0:00:
00]} 35. h3 {[%emt 0:00:00]} Qd7 {[%emt 0:00:40]} 36. Qb6 {[%emt 0:00:34]} Qd5
{[%emt 0:00:00]} 37. a5 {[%emt 0:00:27]} Kf7 {[%emt 0:00:02]} 38. a6 {[%emt 0:
00:14]} d3 {[%emt 0:01:22]} 39. a7 {[%emt 0:00:24]} Rg8 {[%emt 0:00:12]} 40. g3
{[%emt 0:00:35]} Qf3 {[%emt 0:00:20]} 41. Rb1 {[%emt 0:01:40]} Rxg3+ {[%emt 0:
00:18]} 42. fxg3 {[%emt 0:00:00]} Qxg3+ {[%emt 0:00:00]} 43. Kf1 {[%emt 0:00:
00]} Qf3+ {[%emt 0:00:05]} 44. Qf2 {[%emt 0:00:16]} Qh1+ {[%emt 0:00:00]} 45.
Qg1 {[%emt 0:00:00]} Qf3+ {[%emt 0:00:04]} 46. Qf2 {[%emt 0:00:09]} Qh1+ {
[%emt 0:00:00]} 47. Qg1 {[%emt 0:00:00]} 1/2-1/2

[Event "RUS-ch Rapid 2021"]
[Site "Sochi"]
[Date "2021.10.13"]
[Round "11.21"]
[White "Khubukshanov, Erdem"]
[Black "Faizrakhmanov, Ramil"]
[Result "1-0"]
[WhiteElo "2373"]
[BlackElo "2483"]
[Annotator "RC"]
[PlyCount "75"]
[EventDate "2021.10.12"]
[EventType "swiss"]
[EventCountry "RUS"]
[SourceTitle "playchess.com"]
[Source "ChessBase"]
[SourceQuality "1"]
[TimeControl "900+10"]

1. e4 {[%emt 0:00:00]} c6 {[%emt 0:00:04]} 2. d4 {[%emt 0:00:02]} d5 {[%emt 0:
00:04]} 3. e5 {[%emt 0:00:01]} Bf5 {[%emt 0:00:00]} 4. h4 {[%emt 0:00:00]} h5 {
[%emt 0:00:03]} 5. Bd3 {[%emt 0:00:12]} Bxd3 {[%emt 0:00:00]} 6. Qxd3 {[%emt 0:
00:00]} Qa5+ {[%emt 0:00:08]} 7. Nd2 {[%emt 0:00:00]} e6 {[%emt 0:00:00]} 8.
Ngf3 {[%emt 0:00:00]} Nh6 {[%emt 0:00:02]} 9. O-O {[%emt 0:00:38]} Nf5 {
[%emt 0:00:00]} 10. c4 {[%emt 0:01:03]} Be7 {[%emt 0:00:06]} 11. g3 {[%emt 0:
00:06]} O-O {[%emt 0:00:09]} 12. b3 {[%emt 0:00:06]} Nd7 {[%emt 0:00:05]} 13.
a4 {[%emt 0:00:42]} g6 {[%emt 0:00:25]} 14. Bb2 {[%emt 0:00:46]} Qa6 {[%emt 0:
00:28]} 15. Qc3 {[%emt 0:00:40]} c5 {[%emt 0:02:08]} 16. cxd5 {[%emt 0:03:43]}
exd5 {[%emt 0:02:08]} 17. dxc5 {[%emt 0:03:22]} Nxc5 {[%emt 0:00:06]} 18. e6 {
[%emt 0:00:00]} f6 {[%emt 0:00:01]} 19. Nd4 {[%emt 0:00:01]} Nxd4 {[%emt 0:01:
28]} 20. Qxd4 {[%emt 0:00:00]} Qxe6 {[%emt 0:00:18]} 21. Rfe1 {[%emt 0:00:38]}
Qf7 {[%emt 0:00:18]} 22. b4 {[%emt 0:01:17]} Nd7 {[%emt 0:00:47]} 23. Rad1 {
[%emt 0:01:56]} Ne5 {[%emt 0:00:41]} 24. Re3 {[%emt 0:00:24]} Nc6 {[%emt 0:00:
55]} 25. Qf4 {[%emt 0:00:03]} Bxb4 {[%emt 0:00:35]} 26. Nf3 {[%emt 0:00:32]}
Rad8 {[%emt 0:00:26]} 27. Red3 {[%emt 0:00:52]} Bd6 {[%emt 0:01:33]} 28. Qh6 {
[%emt 0:00:01]} Ne5 {[%emt 0:00:34]} 29. Bxe5 {[%emt 0:00:03]} Bxe5 {[%emt 0:
00:14]} 30. Rxd5 {[%emt 0:00:00]} Rxd5 {[%emt 0:00:33]} 31. Rxd5 {[%emt 0:00:
00]} Bc7 {[%emt 0:00:17]} 32. Qd2 {[%emt 0:01:09]} Qe8 {[%emt 0:00:52]} 33. Qc2
{[%emt 0:00:56]} Qf7 {[%emt 0:02:07]} 34. Qd3 {[%emt 0:00:02]} Qe8 {[%emt 0:02:
39]} 35. Rd7 {[%emt 0:00:06]} Bb6 {[%emt 0:00:15]} 36. a5 {[%emt 0:00:27]} Bxa5
{[%emt 0:00:13]} 37. Qd5+ {[%emt 0:00:03]} Kh8 {[%emt 0:00:03]} 38. Qxb7 {
[%emt 0:00:02]} 1-0

[Event "RUS-ch Rapid 2021"]
[Site "Sochi"]
[Date "2021.10.13"]
[Round "11.22"]
[White "Sakaev, Konstantin"]
[Black "Grebnev, Aleksey"]
[Result "0-1"]
[WhiteElo "2603"]
[BlackElo "2469"]
[Annotator "RC"]
[PlyCount "74"]
[EventDate "2021.10.12"]
[EventType "swiss"]
[EventCountry "RUS"]
[SourceTitle "playchess.com"]
[Source "ChessBase"]
[SourceQuality "1"]
[TimeControl "900+10"]

1. d4 {[%emt 0:00:00]} Nf6 {[%emt 0:00:04]} 2. c4 {[%emt 0:00:12]} e6 {[%emt 0:
00:03]} 3. Nc3 {[%emt 0:00:00]} Bb4 {[%emt 0:00:10]} 4. e3 {[%emt 0:00:00]} O-O
{[%emt 0:00:21]} 5. Bd3 {[%emt 0:00:00]} c5 {[%emt 0:00:20]} 6. Nf3 {[%emt 0:
00:02]} cxd4 {[%emt 0:00:20]} 7. exd4 {[%emt 0:00:00]} d5 {[%emt 0:00:03]} 8.
cxd5 {[%emt 0:00:06]} exd5 {[%emt 0:00:19]} 9. Ne5 {[%emt 0:01:13]} Nc6 {
[%emt 0:00:52]} 10. O-O {[%emt 0:00:19]} h6 {[%emt 0:01:27]} 11. Nxc6 {[%emt 0:
00:07]} bxc6 {[%emt 0:00:00]} 12. Bf4 {[%emt 0:00:03]} Bg4 {[%emt 0:00:50]} 13.
f3 {[%emt 0:01:06]} Bh5 {[%emt 0:00:36]} 14. Na4 {[%emt 0:00:11]} Nd7 {[%emt 0:
01:47]} 15. a3 {[%emt 0:02:34]} Ba5 {[%emt 0:01:37]} 16. b4 {[%emt 0:00:06]}
Bc7 {[%emt 0:00:43]} 17. Bxc7 {[%emt 0:00:53]} Qxc7 {[%emt 0:00:03]} 18. Rc1 {
[%emt 0:00:05]} Qf4 {[%emt 0:02:33]} 19. Rf2 {[%emt 0:00:38]} Qf6 {[%emt 0:00:
48]} 20. Qd2 {[%emt 0:01:44]} Rfe8 {[%emt 0:00:49]} 21. Nc3 {[%emt 0:03:35]}
Bg6 {[%emt 0:00:55]} 22. Bf1 {[%emt 0:00:55]} Nb6 {[%emt 0:00:50]} 23. Nd1 {
[%emt 0:00:48]} Re6 {[%emt 0:00:49]} 24. Re2 {[%emt 0:01:42]} Rae8 {[%emt 0:00:
14]} 25. Rxe6 {[%emt 0:00:03]} Rxe6 {[%emt 0:00:03]} 26. Nf2 {[%emt 0:00:57]}
Bf5 {[%emt 0:00:58]} 27. Qf4 {[%emt 0:00:13]} Kh7 {[%emt 0:00:17]} 28. h4 {
[%emt 0:00:57]} g5 {[%emt 0:00:31]} 29. hxg5 {[%emt 0:00:08]} hxg5 {[%emt 0:00:
00]} 30. Qd2 {[%emt 0:00:00]} Kg7 {[%emt 0:00:00]} 31. Rc3 {[%emt 0:00:57]} Qe7
{[%emt 0:00:52]} 32. f4 {[%emt 0:00:06]} g4 {[%emt 0:00:47]} 33. g3 {[%emt 0:
00:16]} Nc4 {[%emt 0:00:11]} 34. Bxc4 {[%emt 0:00:23]} dxc4 {[%emt 0:00:02]}
35. d5 {[%emt 0:00:00]} Re1+ {[%emt 0:00:23]} 36. Kh2 {[%emt 0:00:01]} Re2 {
[%emt 0:00:01]} 37. Qd4+ {[%emt 0:00:00]} Qf6 {[%emt 0:00:01]} 0-1

[Event "RUS-ch Rapid 2021"]
[Site "Sochi"]
[Date "2021.10.13"]
[Round "11.23"]
[White "Khanin, Semen"]
[Black "Palchun, Grigory"]
[Result "1/2-1/2"]
[WhiteElo "2521"]
[BlackElo "2338"]
[Annotator "ChessBase"]
[PlyCount "48"]
[EventDate "2021.10.12"]
[EventType "swiss"]
[EventCountry "RUS"]
[SourceTitle "playchess.com"]
[Source "ChessBase"]
[SourceQuality "1"]
[TimeControl "900+10"]

1. e4 {[%emt 0:00:05]} e5 {[%emt 0:00:00]} 2. Nf3 {[%emt 0:00:00]} Nc6 {
[%emt 0:00:05]} 3. Bb5 {[%emt 0:00:00]} Nd4 {[%emt 0:00:00]} 4. Nxd4 {[%emt 0:
00:07]} exd4 {[%emt 0:00:00]} 5. O-O {[%emt 0:00:06]} Bc5 {[%emt 0:00:04]} 6.
a3 {[%emt 0:00:32]} c6 {[%emt 0:00:17]} 7. Bc4 {[%emt 0:00:00]} d6 {[%emt 0:00:
03]} 8. d3 {[%emt 0:00:01]} Ne7 {[%emt 0:00:23]} 9. Nd2 {[%emt 0:00:28]} O-O {
[%emt 0:00:14]} 10. Qh5 {[%emt 0:00:34]} d5 {[%emt 0:00:20]} 11. Ba2 {[%emt 0:
00:59]} Qd6 {[%emt 0:02:34]} 12. exd5 {[%emt 0:01:38]} cxd5 {[%emt 0:00:00]}
13. Nf3 {[%emt 0:00:02]} Be6 {[%emt 0:04:27]} 14. Re1 {[%emt 0:00:18]} h6 {
[%emt 0:00:56]} 15. b4 {[%emt 0:01:14]} Bb6 {[%emt 0:00:03]} 16. Bb2 {[%emt 0:
00:07]} Nf5 {[%emt 0:00:37]} 17. g4 {[%emt 0:00:07]} Ne7 {[%emt 0:00:32]} 18.
Qe5 {[%emt 0:03:00]} Qd7 {[%emt 0:01:58]} 19. h3 {[%emt 0:01:50]} Ng6 {[%emt 0:
00:11]} 20. Qh5 {[%emt 0:01:05]} Nf4 {[%emt 0:00:48]} 21. Qh4 {[%emt 0:00:04]}
Ng6 {[%emt 0:01:09]} 22. Qh5 {[%emt 0:00:04]} Nf4 {[%emt 0:00:00]} 23. Qh4 {
[%emt 0:00:29]} Ng6 {[%emt 0:01:54]} 24. Qh5 {[%emt 0:02:07]} Nf4 {[%emt 0:00:
00]} 1/2-1/2

[Event "RUS-ch Rapid 2021"]
[Site "Sochi"]
[Date "2021.10.13"]
[Round "11.24"]
[White "Potapov, Pavel"]
[Black "Goltsev, Dmitry"]
[Result "1-0"]
[WhiteElo "2481"]
[BlackElo "2282"]
[Annotator "ChessBase"]
[PlyCount "33"]
[EventDate "2021.10.12"]
[EventType "swiss"]
[EventCountry "RUS"]
[SourceTitle "playchess.com"]
[Source "ChessBase"]
[SourceQuality "1"]
[TimeControl "900+10"]

1. e4 {[%emt 0:00:00]} e6 {[%emt 0:00:00]} 2. d4 {[%emt 0:00:06]} d5 {[%emt 0:
00:05]} 3. Nc3 {[%emt 0:00:10]} Nf6 {[%emt 0:00:03]} 4. e5 {[%emt 0:00:13]}
Nfd7 {[%emt 0:00:00]} 5. Nce2 {[%emt 0:00:02]} c5 {[%emt 0:00:09]} 6. c3 {
[%emt 0:00:07]} Nc6 {[%emt 0:00:00]} 7. Nf3 {[%emt 0:00:06]} f6 {[%emt 0:00:14]
} 8. Nf4 {[%emt 0:00:36]} Nb6 {[%emt 0:00:29]} 9. Bb5 {[%emt 0:00:26]} f5 {
[%emt 0:00:15]} 10. h4 {[%emt 0:00:41]} Be7 {[%emt 0:01:26]} 11. dxc5 {[%emt 0:
00:20]} Bxc5 {[%emt 0:04:14]} 12. Ng5 {[%emt 0:00:15]} Ke7 {[%emt 0:00:41]} 13.
Bxc6 {[%emt 0:00:29]} bxc6 {[%emt 0:00:13]} 14. b4 {[%emt 0:00:00]} Bxf2+ {
[%emt 0:01:24]} 15. Kxf2 {[%emt 0:00:01]} Nc4 {[%emt 0:00:03]} 16. Qd4 {
[%emt 0:00:31]} Qb6 {[%emt 0:00:09]} 17. Be3 {[%emt 0:00:19]} 1-0